| 000 | 02194nam a22002777a 4500 | ||
|---|---|---|---|
| 999 |
_c116354 _d116354 |
||
| 003 | BJBSDDR | ||
| 005 | 20230411090800.0 | ||
| 006 | a|||||r|||| 00| 0 | ||
| 007 | ta | ||
| 008 | 300622s2020 nyu||||| |||| 00| 0 eng d | ||
| 020 | _a9781250621504 | ||
| 020 | _a125062150X | ||
| 040 |
_bspa _cBJBSDDR |
||
| 041 | _aeng | ||
| 050 | 1 | 4 |
_aBJ 1589 _bD269e 2020 |
| 082 | 0 | 0 | _a170/.44 |
| 100 | 1 |
_923067 _aDawidziak, Mark, _d1956- |
|
| 245 | 1 |
_aEverything I need to know I learned in The Twilight Zone : _ba fifth-dimension guide to life / _cMark Dawidziak |
|
| 260 |
_aNew York : _bThomas Dune Books, _c2020 |
||
| 300 |
_axxiii, 340 p. : _bill. ; _c23 cm |
||
| 500 | _a"Now with lessons from the Jordan Peele reboot!" -- Cover. Includes index. | ||
| 520 | _aCan you live your life by what The Twilight Zone has to teach you? Yes, and maybe you should. The proof is in this lighthearted collection of life lessons, ground rules, inspirational thoughts, and stirring reminders found in Rod Serlings timeless fantasy series. This unauthorized tribute is a celebration of the classic anthology show, but also, on another level, a kind of fifth-dimension self-help book, with each lesson supported by the morality tales told by Serling and his writers. The notion that "its never too late to reinvent yourself" soars through "The Last Flight," in which a World War I flier goes forward in time and gets the chance to trade cowardice for heroism. A visit from an angel blares out the wisdom of "follow your passion" in "A Passage for Trumpet." The meaning of "divided we fall" is driven home with dramatic results when neighbors suspect neighbors of being invading aliens in "The Monsters Are Due on Maple Street." The old maxim about never judging a book by its cover is given a tasty twist when an alien tome is translated in "To Serve Man." After all, in a series of cautionary tales that show what happens when you don't kick the can or refuse to believe the monks when they say they've captured the Devil, who wouldn't heed a warning... from The Twilight Zone? | ||
| 610 | 2 | 4 |
_923120 _aTwilight zone (Programa de televisión: 1959-1964) |
| 650 | 4 |
_91535 _aConducta de vida |
|
| 942 |
_2lcc _cBK |
||